| 000 | 00583 a2200229 4500 | ||
|---|---|---|---|
| 260 | _bOxford University Press | ||
| 300 | _ax-213 p. | ||
| 245 | _aFrom individual behaviour to population ecology | ||
| 650 | _aEcologie animale | ||
| 650 | _aPopulation animale | ||
| 650 | _aZoologie | ||
| 650 | _aComportement | ||
| 260 | _aOxford | ||
| 300 | _bcouv. ill. en coul., ill.; 24 cm. | ||
| 260 | _c1996 | ||
| 130 | _lEN | ||
| 440 | _aOxford Series in Ecologu and Evolution | ||
| 100 | _aSUTHERLAND, William J. | ||
| 020 | _a0-19-854910-5 | ||
| 999 |
_c29419 _d29419 |
||